An Integrated Approach to Discriminate Transcriptional Regulation underlining TRA expression in mTECS, using High Throughput Sequencing Data / (Record no. 586130)

000 -LEADER
fixed length control field 00582nam a22001577a 4500
020 ## - INTERNATIONAL STANDARD BOOK NUMBER
Qualifying information Hard Cover.
082 ## - DEWEY DECIMAL CLASSIFICATION NUMBER
Classification number 570.2
100 ## - MAIN ENTRY--PERSONAL NAME
Personal name Hafiz waqar Ahsan.
245 ## - TITLE STATEMENT
Title An Integrated Approach to Discriminate Transcriptional Regulation underlining TRA expression in mTECS, using High Throughput Sequencing Data /
Statement of responsibility, etc. Waqar Ahsan, Hafiz
260 ## - PUBLICATION, DISTRIBUTION, ETC.
Place of publication, distribution, etc. Islamabad:
Name of publisher, distributor, etc. NUST-RCMS,
Date of publication, distribution, etc. 2021.
300 ## - PHYSICAL DESCRIPTION
Extent 72 p. :
Other physical details ill. ;
Dimensions 30cm.
650 ## - SUBJECT ADDED ENTRY--TOPICAL TERM
Topical term or geographic name entry element MS-Bio Informatics.
700 ## - ADDED ENTRY--PERSONAL NAME
Personal name Dr. Rehan Zafar Paracha
942 ## - ADDED ENTRY ELEMENTS (KOHA)
Source of classification or shelving scheme
Koha item type Thesis
650 ## - SUBJECT ADDED ENTRY--TOPICAL TERM
-- 81370
700 ## - ADDED ENTRY--PERSONAL NAME
-- 20897
Holdings
Withdrawn status Lost status Source of classification or shelving scheme Damaged status Not for loan Permanent Location Current Location Shelving location Date acquired Full call number Barcode Date last seen Price effective from Koha item type
          School of Interdisciplinary Engineering and Sciences (SINES) School of Interdisciplinary Engineering and Sciences (SINES) Thesis 08/10/2021 570.2 RCMS003264 08/10/2021 08/10/2021 Reference
© 2023 Central Library, National University of Sciences and Technology. All Rights Reserved.